La comedia de las equivocaciones

Na minha lista:
Detalhes bibliográficos
Autor principal: Shakespeare, William
Formato: Livro
Idioma:Undetermined
Publicado em: San José, Costa Rica Editorial Universidad de Costa Rica 1978
Assuntos:
Tags: Adicionar Tag
Sem tags, seja o primeiro a adicionar uma tag!

MARC

LEADER 00000nam a2200000Ia 4500
008 170316s9999 xx 000 0 und d
040 |a cru BVZT 
090 |a 820 S-5c 
100 |a Shakespeare, William 
245 |a La comedia de las equivocaciones 
260 |a San José, Costa Rica 
260 |b Editorial Universidad de Costa Rica 
260 |c 1978 
300 |a 118 páginas 
650 |a LITERATURA INGLESA 
999 |c 7106  |d 7106 
942 |c 15 D  |h 820 S-5c  |2 z